header

Biogas production (Record no. 33979)

MARC details
000 -LEADER
fixed length control field 01398nam a2200313 a 4500
082 04 - DEWEY DECIMAL CLASSIFICATION NUMBER
Classification number 628.5/3
245 00 - TITLE STATEMENT
Title Biogas production
260 ## - PUBLICATION, DISTRIBUTION, ETC. (IMPRINT)
Place of publication Hoboken, N.J. :
Name of publisher John Wiley ;
Place of publication Beverly, Mass. :
Name of publisher Scrivener Pub.,
Year of publication c2012.
300 ## - PHYSICAL DESCRIPTION
Number of Pages xxix, 320 p. :
Other physical details ill.
520 ## - SUMMARY, ETC.
Summary, etc "This book highlights the recent advances in the pretreatment and value addition of lignocellulosic wastes and other biomass forms"--
650 #0 - SUBJECT ADDED ENTRY--TOPICAL TERM
Topical Term Sewage
700 1# - ADDED ENTRY--PERSONAL NAME
Personal name Mudhoo, Ackmez.
856 40 - ELECTRONIC LOCATION AND ACCESS
Uniform Resource Identifier http://site.ebrary.com/lib/rucke/Doc?id=10643073
520 ## - SUMMARY, ETC.
-- Provided by publisher.

No items available.

© 2026 Rongo University
Contact us: librarian | system librarian | Rongo university